00504 a2200133 4500082001200000100001600012245008800028260008000116300003300196500005100229563000700280700002600287856005700313 aBICSE-6 aKinza Nayab aDesign and implementation of a Broadband Directional Coupler for WIMAX Applications aIslamabadbNUST School of Electrical Engineering and Computer Sciencec2012 a43p.b:ill.c:27cm.+eCD-ROM aSupervisors: Mr. Ahsan Azhar, Mr. Abid Mushtaq aHB aKinza Nayab, Sara Ali uhttp://10.250.8.41:8080/xmlui/handle/123456789/10382